01197nam a2200193Ia 4500001001000000003001000010008004100020040002500061041001300086100001700099245008000116250001100196260009100207300002900298500026400327501011400591520026400705650003400969L235-7754IT-CnALBA170116s9999||||xx |||||||||||||| ||und|| aIT-CnALBAcIT-CnALBA aITALIANO aSENZA AUTORE 0aMESE DI MAGGIO. LETTURE SPIRITUALI SULLA VITA DI GESÙ E MARIA. TOMO VI.  a1a ed. a VENEZIAbEMILIANA TIP. LIBR. EDITRICE c1878 [1° Ed.:1878 - Ed.Ling.Originale: 1878] a268 p. (prefazione: 514) aMARIA E L'ASCENSIONE DI GESÙ. PENTECOSTE. SPIRITO SANTO. PREDICA DI PIETRO E DEGLI APOSTOLI. MESSA DI PIETRO. DONI DI MARIA E DEVOZIONE. DISCORSO DI MARIA SULLA POVERTÀ. S. STEFANO. SIMBOLO APOSTOLICO. MARIA IN SPAGNA. CONVERSIONE DI S. PAOLO. MARIA AD EF aSocietà San Paolo EM - Piazza San Paolo, 14 - 12051 ALBA (CN) (non commercial uses only) ® Copyright 2017 aMARIA E L'ASCENSIONE DI GESÙ. PENTECOSTE. SPIRITO SANTO. PREDICA DI PIETRO E DEGLI APOSTOLI. MESSA DI PIETRO. DONI DI MARIA E DEVOZIONE. DISCORSO DI MARIA SULLA POVERTÀ. S. STEFANO. SIMBOLO APOSTOLICO. MARIA IN SPAGNA. CONVERSIONE DI S. PAOLO. MARIA AD EF aMARIA SS. ANGELI SANTI DEMONI